| 000 | 01817cam a2200313 i 4500 | ||
|---|---|---|---|
| 003 | SA-RiAUC | ||
| 005 | 20251001131127.0 | ||
| 008 | 250716s1970 ua g 00000 ara c | ||
| 040 |
_aSA-JeALM _bara _cSA-RiAUC _erda |
||
| 082 | 0 | 4 |
_a252.5 _qSA-RiAUC |
| 090 |
_a252.5 _bم ح ب |
||
| 100 | 1 |
_aمحب الدين الطبري، أحمد بن عبد الله بن محمد، _d615-694 هجري _eمؤلف. |
|
| 245 | 1 | 2 |
_aالقرى لقاصد أم القرى / _cتأليف أبي العباس أحمد بن عبد الله بن محمد بن أبي بكر محب الدين الطبري المكي ؛ عارضه بمخطوطات مكة والقاهرة مصطفى السقا. |
| 250 | _aالطبعة الثانية. | ||
| 264 | 1 |
_aالقاهرة : _bشركة مكتبة ومطبعة مصطفى البابي الحلبي وأولاده، _c1970 |
|
| 300 |
_a736 صفحة ؛ _c24 سم |
||
| 336 |
_aنص _btxt _2rdacontent _3كتاب |
||
| 337 |
_aبدون وسيط _bn _2rdamedia |
||
| 338 |
_aمجلد _bnc _2rdacarrier |
||
| 500 | _aيوجد بهامشها تعليقات وتصويبات. | ||
| 500 | _aاهداء الى الشيخ رحمه الله بتاريخ 11 صفر 1407 هـ + يوجد ملاحظات من الشيخ في بداية الكتاب. | ||
| 504 | _aيشتمل على إرجاعات ببيلوجرافية. | ||
| 650 | 7 |
_aالحج (فقه إسلامي) _xمناسك _2aucsh |
|
| 651 | 7 |
_aمكة المكرمة _xتاريخ _2aucsh |
|
| 700 | 1 |
_aالسقا، مصطفى، _d1895-1969 _eمحقق. |
|
| 856 | 4 | _uhttp://10.10.10.21/hipres/book_num%D8%A7%D9%84%D9%82%D8%B1%D9%89%20%D9%84%D9%82%D8%A7%D8%B5%D8%AF%20%D8%A7%D9%85%20%D8%A7%D9%84%D9%82%D8%B1%D9%89%20-14302/book.Web/bookTestPage.html | |
| 942 |
_2ddc _cBOOK _n0 |
||
| 949 |
_aSA-JeALM _d250716 _uosman123 _n1 |
||
| 999 |
_c12289 _d12289 |
||